Statistics for Moderátoři Českého lva

Click here to take the quiz!

General Stats

  • This quiz has been taken 67 times
  • The average score is 6 of 19

Answer Stats

RokModerátor% Correct
2013Marek Eben
77%
1997, 2008, 2009Bolek Polívka
58%
2014, 2015Lucie Výborná
44%
2005Jiří Macháček
42%
2010, 2012Jan Budař
40%
2009Pavel Liška
40%
2011Lucie Bílá
38%
2016, 2017Adela Vinczeová (roz. Banášová)
33%
2008Anna Polívková
33%
2000, 2001, 2002, 2003, 2004Martin Zbrožek
29%
1996Pavel Zedníček
29%
1999Halina Pawlowská
27%
2006Igor Chmela
27%
2000, 2001, 2002, 2007Jaroslav Dušek
27%
1994Viktor Preiss
27%
1995Martin Dejdar
23%
1993Roman Holý
21%
1993Miloš Kohout
15%
1998Ondřej Havelka
15%

Score Distribution

Percentile by Number Answered

Percent of People with Each Score

Your Score History

You have not taken this quiz